000 00471nmm a2200157Ia 4500
008 251105s9999||||xx |||||||||||||||||und||
020 _a9781558854864
041 _aspa
_aeng
100 _aGonzales Bertrand, Diane
245 0 _aWe are cousins = Somos primos
264 _a[Washington, Estados Unidos] :
_bArte Público Press,
_c2007
300 _a32 páginas
650 _aAges 3-5 Years Old
856 _uhttps://public.digitaliapublishing.com/a/23199
942 _cCF
999 _c74808
_d74808